| 000 | 00647nam a2200193Ia 4500 | ||
|---|---|---|---|
| 003 | GCL | ||
| 008 | 140319s9999 xx 000 0 ara d | ||
| 040 |
_aGCL / _cGCL |
||
| 082 | 0 | 4 |
_a920.72 _bم ن |
| 245 | 1 | 0 | _aنساء المستقبل ( نصف الدنيا العدد 888 - فبراير 2007 ) |
| 260 |
_aالقاهرة : _bمؤسسة الاهرام ، _c2007 |
||
| 650 | 0 | 4 | _aالنساء - تراجم |
| 650 | 0 | 4 | _aالنساء - الحياة السياسية |
| 650 | 0 | 4 | _aشاهيناز النجار |
| 650 | 0 | 4 | _aرانيا علوانى |
| 650 | 0 | 4 | _aنسمة عبدالعزيز |
| 650 | 0 | 4 | _aلميس الحديدى |
| 942 |
_2ddc _cCR |
||
| 999 |
_c9106 _d9106 |
||